01016nas a2200289Ia 4500001001600000003001000016008004100026040002500067041001200092100002500104210002200129222002200151240003700173245003700210250001100247260000900258501012300267300001400390362003400404500003000438650002300468700001100491942000700502957000600509999003300515952017800548A07/R086-45441 IT-MiCISF161014c99999999xx |||||||||||| ||und|| aIT-MiCISFcIT-MiCISF aINGLESE aD'Agostino Francesco aMedicina e morale aMedicina e morale aLe prospettive della biopolitica 0aLe prospettive della biopolitica a1a ed. c2008 bCISF - Centro Internazionale Studi Famiglia - Via Giotto, 36 20145 MILANO (non commercial uses only)cCopyright 2016 app. 15-33 an. 1, gennaio-febbraio [2008] a Tema: bioetica, politica aBIOETICAvarticolo aAA.VV. cCR 71 a45441bSig1c225975d225975 0010406A_07_000000000000000_R0864544171aCISFbCISFd2016-10-14l0oA07/R086-45441 r2016-10-14 00:00:00w2016-10-14yCRzData import 15.10.2016 / by Epidotti, Vaglietti